Régions aux pays n°2 - Statistiques

Statistiques générales
  • Ce quiz a été pris 211 fois
  • Le résultat moyen est 14 sur 18
Statistiques - réponses
Region Pays % Correct
Normandie France
100%
Ecosse Royaume-Uni
100%
Hong Kong Chine
99%
Bavière Allemagne
97%
Andalousie Espagne
97%
Hollande Pays-Bas
97%
Tibet Chine
96%
Lombardie Italie
93%
Wallonie Belgique
92%
Kyushu Japon
88%
Chihuahua Mexique
85%
Açores Portugal
85%
Puerto Rico États Unis
84%
Bohême République Tchèque
70%
Skåne Suede
57%
Cabinda Angola
24%
République des Maris Russie
20%
Igboland Nigeria
18%
Aucun quiz correspondant
Distribution des résultats
% des personnes avec chaque résultat
Percentile par nombre de réponses
Votre historique - résultats
Vous n’avez pas pris ce quiz